00538 2200205 4500001002100000008004100021035002000062245003900082100001400121250001000135260004100145300002600186020002200212084001600234520002500250082001000275650002500285990001100310990001100321INLIS000000000014789 ind  a0010-1022000107 aAkuaponikcFathulloh, N.S. Budiana aFATHULLOH acet.1 aDepok :bPenebar Swadaya Grup,c2020 a58 hal.: ilus.c20 cm a978-623-225-086-4 a631.5 FAT a aBibliografi : hal.58 a631.5 aPERTANIAN. AKUAPONIK a9651 a a9651 b